Olympic dreams : the impact of mega-events on local politics

שמור ב:
מידע ביבליוגרפי
מחבר ראשי: Burbank, Matthew J
פורמט: ספר
שפה:Vietnamese
יצא לאור: Lynne Rienner Publishers 2001
תגים: הוספת תג
אין תגיות, היה/י הראשונ/ה לתייג את הרשומה!
Thư viện lưu trữ: Mạng thư viện Đại học Đà Nẵng
LEADER 00703nam a2200253 4500
001 000022084
003 18532
005 20150424140401.0
008 150424s2001 viesd
020 |c 00 
041 0 |a vie 
082 1 4 |a 796,48  |b BU-M 
100 1 |a Burbank, Matthew J 
245 1 0 |a Olympic dreams : the impact of mega-events on local politics  |c Matthew J. Burbank, Gregory D. Andranovich, Charles H. Heying 
260 |b Lynne Rienner Publishers  |c 2001 
300 |a tr.  |c cm. 
OWN |a LSP 
999 |a From the UDN01 
TYP |a Monograph 
TYP |a Printed language 
980 |a Mạng thư viện Đại học Đà Nẵng